000 00548nam a22001817a 4500
999 _c6075
_d6075
003 AR-CdUCM
008 190313b ||||| |||| 00| 0 spa d
040 _aMUNICIPALIDAD PROVINCIAL DEL CUSCO
_cBIBLIOTECA MUNICIPAL DEL CUSCO
082 _a869.812 /
_bR47
100 _aReyles, Carlos
_917688
245 _aEl embrujo de Sevilla :
_bnovela /
260 _aBuenos Aires :
_bSopena Argentina,
_c1942.
500 _aDonación de la familia Nieto
650 _aNovela Argentina
_99108
650 _aSiglo XX
_98
942 _2ddc
_cLIBROS
945 _araen